000 00353nam a2200145Ia 4500
008 230711s9999||||xx |||||||||||||| ||und||
041 _aENG
082 _a624
_bCH-W
100 _aChapman,W.A.T
245 0 _aWorkshop technology part -II
250 _a1st
260 _c1976
_aNew Delhi
_bEdizioni Britain
650 _aMechanical Engineering
942 _cBK
999 _c721
_d721